| 000 | 00497nam a22001577a 4500 | ||
|---|---|---|---|
| 003 | macl | ||
| 005 | 20181228122233.0 | ||
| 008 | 181228b xxu||||| |||| 00| 0 eng d | ||
| 040 | _cmacl | ||
| 082 | _a800 | ||
| 100 |
_aसांदयाल ,सचिन _973547 |
||
| 245 | _aअाम आदमी की अाजादी | ||
| 260 |
_aबीकानेर _bविकास प्रकाशन _c2014 |
||
| 650 |
_aराजनीति विज्ञान _9229 |
||
| 942 |
_2ddc _cHIN |
||
| 999 |
_c58819 _d58819 |
||